Statistics for Colors of the rainbow by RGB values

Click here to take the quiz!

General Stats

  • This quiz has been taken 47 times
  • The average score is 6 of 7

Answer Stats

RGBColor% Correct
25500Red
100%
02550Green
93%
00255Blue
83%
2552550Yellow
83%
2551060Orange
80%
1270255Violet
63%
630255Indigo
53%

Score Distribution

Percentile by Number Answered

Percent of People with Each Score

Your Score History

You have not taken this quiz